| 000 | 00000nam##2200000za#4500 |
| 001 | 9.570928 |
| 003 | CaOODSP |
| 005 | 20210624182457 |
| 007 | cr ||||||||||| |
| 008 | 150406|2010||||xxc|||||o f|0| 0 eng|d |
| 040 | |aCaOODSP|beng |
| 043 | |an-cn--- |
| 086 | 1 |aYC26-0/403-8E-PDF |
| 110 | 1 |aCanada. |bParliament. |bSenate. |bStanding Committee on Energy, the Environment and Natural Resources. |
| 245 | 10|aFacts do not justify banning Canada's current offshore drilling operations : |h[electronic resource]|ba Senate review in the wake of BP's deepwater horizon incident / |cThe Honourable W. David Angus, chair; the Honourable Grant Mitchell, deputy chair. |
| 246 | 3 |aEighth report of the Standing Senate Committee on Energy, the Environment and Natural Resources |
| 260 | |aOttawa - Ontario : |bSenate. |cAugust 2010. |
| 300 | |a77p.|bcoloured maps, figs. (some coloured), references, tables |
| 490 | 1 |aReport of the Standing Senate Committee on Energy, the Environment and Natural Resources|v[40th Parliament, 3rd Session], 8th report |
| 590 | |a11-12-Supp|b2011-07-29 |
| 775 | 08|tLes faits ne justifient pas l'interdiction des opérations actuelles de forage en mer : |w(CaOODSP)9.601569 |
| 830 | #0|aReport of the Standing Senate Committee on Energy, the Environment and Natural Resources ;|v[40th Parliament, 3rd Session], 8th report|w(CaOODSP)9.506409 |
| 856 | 40|ahttp://publications.gc.ca|qPDF|s939 KB|uhttps://publications.gc.ca/collections/collection_2011/sen/yc26-0/YC26-0-403-8-eng.pdf|y[40th Parliament, 3rd Session], 8th report |